[Event "Rio Claro op"]
[Site "Rio Claro"]
[Date "2014.05.17"]
[Round "4"]
[White "Bellucci Miyamoto, Matheus"]
[Black "Valente, Rodrigo de Deus"]
[Result "1-0"]
[WhiteElo "1820"]
[BlackElo "2078"]
[PlyCount "73"]
[EventDate "2014.05.16"]
[EventType "swiss"]
[EventRounds "6"]
[EventCountry "BRA"]
[SourceTitle "CBM 160 Extra"]
[Source "ChessBase"]
[SourceDate "2014.07.01"]
[SourceVersion "1"]
[SourceVersionDate "2014.07.01"]
[SourceQuality "1"]

1. e4 Nf6 2. e5 Nd5 3. d4 d6 4. c4 Nb6 5. exd6 exd6 6. Bd3 Be7 7. Nf3 Bg4 8. Nc3 Nc6 9. Be3 Bf6 10. Be2 0-0 11. 0-0 Re8 12. b3 a5 13. Rc1 d5 14. c5 Nc8 15. h3 Bh5 16. g4 Bg6 17. Re1 h6 18. Qd2 Be4 19. Nh2 N8e7 20. Nf1 Bh4 21. Ng3 Ng6 22. Kh2 Nf8 23. Ncxe4 dxe4 24. Nf5 Bg5 25. Rcd1 Qf6 26. Bb5 Ng6 27. Bxc6 bxc6 28. Rf1 Red8 29. f4 exf3 30. Rxf3 Ne5 31. Rff1 Qe6 32. Bxg5 hxg5 33. Qxg5 Ng6 34. Rde1 Qc8 35. Nxg7 Rd5 36. Qf6 Qf8 37. Ne6 1-0

[Event "Sao Bernardo do Campo LXSBC op 4th"]
[Site "Sao Bernardo do Campo"]
[Date "2012.07.14"]
[Round "3"]
[White "Lopes, Roberto Juliano Jr"]
[Black "Bellucci Miyamoto, Matheus"]
[Result "1-0"]
[WhiteElo "1874"]
[BlackElo "1800"]
[PlyCount "119"]
[EventDate "2012.07.13"]
[EventType "swiss"]
[EventRounds "6"]
[EventCountry "BRA"]
[SourceTitle "CBM 149 Extra"]
[Source "ChessBase"]
[SourceDate "2012.08.24"]
[SourceVersion "1"]
[SourceVersionDate "2012.08.24"]
[SourceQuality "1"]

1. e4 c6 2. d4 d5 3. exd5 cxd5 4. Bd3 Nc6 5. c3 Qc7 6. Ne2 e6 7. Be3 Bd6 8. Nd2 Nf6 9. h3 0-0 10. 0-0 e5 11. dxe5 Nxe5 12. Nb3 Nxd3 13. Qxd3 Bd7 14. Bg5 Rfe8 15. Bxf6 gxf6 16. Ned4 Re5 17. Nf3 Rh5 18. Rfd1 Qc8 19. Kf1 Bxh3 20. gxh3 Qxh3+ 21. Ke2 Bf4 22. Rg1+ Kh8 23. Kd1 Re8 24. Kc2 Qf5 25. Qxf5 Rxf5 26. Nbd4 Rh5 27. Rh1 Rxh1 28. Rxh1 Kg7 29. Kd3 Rh8 30. Rg1+ Kf8 31. Nf5 Be5 32. N3h4 Ke8 33. Rg4 Kd7 34. Rg7 Ke6 35. Nd4+ Ke7 36. Ndf5+ Ke6 37. Ke3 Bc7 38. Nh6 Bb6+ 39. Kf3 d4 40. cxd4 Bxd4 41. b3 Rc8 42. Ke4 Bxf2 43. N4f5 Rc2 44. Rxf7 Re2+ 45. Kd3 Rxa2 46. Rxb7 Ra5 47. Ng7+ Kd5 48. Ng4 Bb6 49. Nxf6+ Kc6 50. Rf7 Rb5 51. Kc2 Rc5+ 52. Kb2 Rg5 53. Ngh5 Rg2+ 54. Kc3 Ba5+ 55. b4 Bc7 56. b5+ Kd6 57. Ne8+ Kc5 58. Nxc7 h6 59. Rf6 Rg1 60. Rc6# 1-0